Solar Photovoltias (Record no. 33363)
[ view plain ]
| 000 -LEADER | |
|---|---|
| fixed length control field | 00442nam a22001817a 4500 |
| 005 - DATE AND TIME OF LATEST TRANSACTION | |
| control field | 20230831193244.0 |
| 008 - FIXED-LENGTH DATA ELEMENTS--GENERAL INFORMATION | |
| fixed length control field | 230831b |||||||| |||| 00| 0 eng d |
| 020 ## - INTERNATIONAL STANDARD BOOK NUMBER | |
| ISBN | 9788120337602 |
| 082 ## - DEWEY DECIMAL CLASSIFICATION NUMBER | |
| Classification number | 621.31244 |
| Item number | SOL-S |
| 100 ## - MAIN ENTRY--AUTHOR | |
| Author Name | Solanki, Chetan Singh |
| 245 ## - TITLE STATEMENT | |
| Title | Solar Photovoltias |
| 260 ## - PUBLICATION, DISTRIBUTION, ETC. | |
| Place of Publication | India |
| Name of publisher, distributor, etc. | PHI |
| Date of publication, distribution, etc. | 2009 |
| 300 ## - PHYSICAL DESCRIPTION | |
| Pages | 477 |
| 500 ## - GENERAL NOTE | |
| General note | Incluide index |
| 650 ## - SUBJECT ADDED ENTRY--TOPICAL TERM | |
| Subject / Department | Engineering |
| 700 ## - ADDED ENTRY--PERSONAL NAME | |
| Personal name | Chetan Singh Solanki |
| 952 ## - LOCATION AND ITEM INFORMATION (KOHA) | |
| -- | 0 |
| -- | 0 |
| Lost status | Damaged status | Permanent Location | Current Location | Shelving Location | Date acquired | Full Call Number | Accession No./Barcode | Date last seen | item type |
|---|---|---|---|---|---|---|---|---|---|
| Superior Information Resource Center (SIRC) Superior University- Main Campus | Superior Information Resource Center (SIRC) Superior University- Main Campus | Engineering | 08/31/2023 | 621.31244 SOL-S 2009 | 20293 | 08/31/2023 | BOOK |
